World leaders - Statistics

General Stats
  • This quiz has been taken 17 times
  • The average score is 24 of 52
Answer Stats
Leader Country % Correct
Xi Jinping China
93%
Emmanuel Macron France
93%
Angela Merkel Germany
93%
Vladimir Putin Russia
93%
Pope Francis Vatican City
93%
Justin Trudeau Canada
87%
Benjamin Netanyahu Israel
87%
Kim Jong-un North Korea
87%
Recep Tayyip Erdogan Turkey
87%
Theresa May United Kingdom
87%
Ali Khamenei Iran
80%
Petro Poroshenko Ukraine
80%
Moon Jae-in South Korea
73%
Alexander Lukashenko Belarus
67%
Giuseppe Conte Italy
67%
Shinzo Abe Japan
67%
Scott Morrison Australia
60%
Abdel Fattah el-Sisi Egypt
60%
Uhuru Kenyatta Kenya
60%
Narendra Modi India
53%
Erna Solberg Norway
53%
King Salman Saudi Arabia
53%
Sebastian Kurz Austria
47%
Alexis Tsipras Greece
47%
Tsai Ing-Wen Taiwan
47%
Rodrigo Duterto the Philippines
47%
Kolinda Grabar-Kitarovic Croatia
40%
Viktor Orban Hungary
40%
Jacinda Ardern New Zealand
40%
Stefan Lofven Sweden
40%
Nicolas Maduro Venezuela
40%
Lee Hsien Loong Singapore
33%
Cyril Ramaphosa South Africa
33%
Michel Temer Brazil
27%
Pedro Sanchez Spain
27%
Mark Rutte the Netherlands
27%
Mauricio Macri Argentina
20%
Charles Michel Belgium
20%
Sebastian Pinera Chile
20%
Lenin Moreno Ecuador
20%
Joko Widodo Indonesia
20%
Ivan Duque Colombia
13%
Miguel Diaz-Canel Cuba
13%
Andrej Babis Czech Republic
13%
Win Myint Myanmar
13%
Arif Alvi Pakistan
13%
Martin Vizcarra Peru
13%
Xavier Bettel Luxembourg
7%
Igor Dodon Moldova
7%
Muhammadu Buhari Nigeria
7%
Edgar Lungu Zambia
7%
Edi Rama Albania
0%
No matching quizzes found
Score Distribution
Percent of People with Each Score
Percentile by Number Answered
Your Score History
You have not taken this quiz